| 000 | 00503nam a2200181 i 4500 | ||
|---|---|---|---|
| 001 | 95790 | ||
| 003 | ES-MaACL | ||
| 005 | 20250823063051.0 | ||
| 007 | t| | ||
| 008 | 050606s1955 sp ||||1| spa d | ||
| 100 | 1 |
_aMaciá Serrano, Antonio, _d1910-1985 _975209 |
|
| 245 | 1 | 3 |
_aLa legión desnuda / _cAntonio Macia Serrano. |
| 250 | _a[1ª ed.]. | ||
| 260 |
_aBarcelona : _bCaralt, _c1955. |
||
| 300 |
_a320 p. ; _c20 cm. |
||
| 852 |
_aES-MaACL _jC-11513 _bR.37206 |
||
| 999 |
_c95790 _d95790 |
||